000 00570nam a22001817a 4500
999 _c143301
_d143301
010 _aENG-119570
020 _c895.00
_a9788189331467
035 _aEN-103102
037 _bDBAD/PUB
082 _a005.82
100 _aSaini, K.K
245 _aDigital and reversible watermarking techniques /
_cby K.K.Saini [and] Mehak Saini
260 _aChandigarh
_bEnkay Enterprises
_c2017
270 _aSCO 49-51, Basement, Sector 17C
_bChandigarh
_e160017
300 _a143p.:
_c23cm(Hb)
_bill.
700 _dSaini, Mehak
942 _2ddc
_cEN
_h005.82
_mSAI